00308nam a2200109 a 450000500170000000800410001705000180005810000170007624500370009326000310013044000370016120140414132119.0111122s19uu xx 00 eng d aERbW72R 1996 aKidd, Ronald aRabbit's ears /cby Ronald Kidd. bAdvance publishers,c1996. aDisney's out and about with Pooh